Normal view
MARC view
Entry Topical Term
001 - CONTROL NUMBER
- control field: 1288
003 - CONTROL NUMBER IDENTIFIER
- control field: BD-RjUL
005 - DATE AND TIME OF LATEST TRANSACTION
- control field: 20220213124508.0
008 - FIXED-LENGTH DATA ELEMENTS
- fixed length control field: 220213|| aca||aabn | a|a d
040 ## - CATALOGING SOURCE
- Original cataloging agency: BD-RjUL
- Transcribing agency: BD-RjUL
150 ## - HEADING--TOPICAL TERM
- Topical term or geographic name entry element: Credit
- Form subdivision: Agricultural Credit
- General subdivision: Financial Economics
670 ## - SOURCE DATA FOUND
- Source citation: Work cat.: (BD-RjUL)79364: Miah, Md. Nurunnabi 1287, Role of Agricultural Credit in Rice productivity in Bangladsh-A Stochastic frontier approach /, 2008